| 000 | 01033nam a2200289 a 4500 | ||
|---|---|---|---|
| 001 | 000004203 | ||
| 003 | DO-SdBNP | ||
| 005 | 20180328091715.0 | ||
| 007 | 000004203 | ||
| 008 | 090720s1996 dr bc 001 0 spa d | ||
| 040 |
_aBPMUS _bspa _cBPMSU |
||
| 092 |
_a923.287 _bB689b, 1996 |
||
| 100 | 1 |
_aBosch, Juan, _d1909-2001 |
|
| 245 | 1 | 0 |
_aSimón Bolívar : _bbiografía para escolares / _cJuan Bosch ; palabras preliminares de Rómulo Gallegos. |
| 250 | _a3a. ed. | ||
| 260 |
_aSanto Domingo : _bAlfa & Omega, _c1996 |
||
| 300 |
_a183 p. : _bil., mapas , retrs. ; _c21 cm. |
||
| 504 | _aBibliografía : p. 177-178. | ||
| 600 | 1 | 4 |
_aBOLÍVAR, SIMÓN, _b1783-1830 |
| 651 | 4 |
_aVENEZUELA _xHISTORIA _yGUERRA DE INDEPENDENCIA, 1810-1823 |
|
| 651 | 4 |
_aAMÉRICA DEL SUR _xHISTORIA _yGUERRAS DE INDEPENDENCIA, 1806-1830 |
|
| 700 | 1 |
_aGallegos, Rómulo, _d1884-1969, _epról. |
|
| 910 | _aValidado. Control de calidad EMS. | ||
| 942 |
_2ddc _cBK |
||
| 945 | _aTitulo remanejado para la BNPHU | ||
| 956 |
_aVMATEO _b10 _c20150501 _lBPMSU _h00151 |
||
| 999 |
_c7769 _d7769 |
||